00545 a2200181 45000010006000000050017000060080041000230030015000640400040000790800067001192450037001860200018002232640041002413000019002825050028003010410008003291000026003375503420260407155826.0260407a1992 arg spa dAR-UNSa-BCEJYS aAR-UNSa-BCEJYSbspacAR-UNSa-BCEJYS a35.078xClases de actividad administrativa (Intervención...)10aLa intervención administrativa a950-20-0665-8 1aBuenos Aires :bAbeledo Perrotc1992 a222 p.c20 cm. a1. Introducción - 2.  aspa1 aCassagne, Juan Carlos